Countries in Greek - Statistics

General Stats
  • This quiz has been taken 37 times
  • The average score is 17 of 20
Answer Stats
Greek Greek (Romanized) English % Correct
Βραζιλία Vrazilía Brazil
97%
Δανία Danía Denmark
97%
Αιθιοπία Aithiopía Ethiopia
97%
Τσεχία Tsechía Czechia
94%
Αίγυπτος Aígyptos Egypt
94%
Ουγγαρία Oungaría Hungary
94%
Κίνα Kína China
90%
Γαλλία Gallía France
90%
Ολλανδία Ollandía Netherlands
90%
Βέλγιο Vélgio Belgium
87%
Ιαπωνία Iaponía Japan
84%
Σουηδία Souidía Sweden
81%
Ηνωμένο Βασίλειο Inoméno Vasíleio United Kingdom
81%
Κούβα Koúva Cuba
77%
Ελλάδα Elláda Greece
77%
Ηνωμένες Πολιτείες Inoménes Politeíes United States
77%
Λίβανος Lívanos Lebanon
71%
Ιαμαϊκή Iamaïkí Jamaica
68%
Ελβετία Elvetía Switzerland
68%
Ακτή Ελεφαντοστού Aktí Elefantostoú Ivory Coast
55%
No matching quizzes found
Score Distribution
Percent of People with Each Score
Percentile by Number Answered
Your Score History
You have not taken this quiz